Tier-Variationen 3 - Statistiken

Allgemein
  • Dieses Quiz wurde 1.919 mal gespielt
  • Das Durchschnittsergebnis liegt bei 11 aus 15
Antwortstatistiken
Varianten Tier % Korrekt
Grind-, Pott-, Buckel- W Wal
98%
Berber-, Brüll-, Rhesus- A Affe
96%
Posthorn-, Weinberg-, Gefleckte Schnirkel- S Schnecke
94%
Siam-, Perser-, Maine-Coon K Katze
93%
Regen-, Spul-, Fuchsband- W Wurm
89%
Kartoffel-, Hirsch-, Mehl- K Käfer
87%
Zaun-, Mauer-, Smaragd- E Eidechse
80%
Tiger-, Netz-, Königs- P Python
80%
Amazonas-, Hector-, Großer Tümmler D Delfin
77%
Schnee-, Grau-, Kanada- G Gans
75%
Suffolk-, Texel-, Merino- S Schaf
64%
Tüpfel-, Streifen-, Schabraken- H Hyäne
49%
Mehl-, Rauch-, Ufer- S Schwalbe
48%
Mantel-, Steppen-, Mandrill P Pavian
44%
Trauer-, Höcker-, Sing- S Schwan
39%
Keine übereinstimmenden Quizze gefunden
Verteilung der Resultate
Anzahl Personen mit jedem Resultat
Perzentil nach korrekt beantworteten Fragen
Ihre Resultats-Entwicklung
Sie haben dieses Quiz noch nicht gespielt